A guide to coding compliance (Record no. 356344)

MARC details
000 -LEADER
fixed length control field 00559nam a2200205Ia 4500
008 - FIXED-LENGTH DATA ELEMENTS--GENERAL INFORMATION
fixed length control field 191130s2009##################000#0#eng##
020 ## - INTERNATIONAL STANDARD BOOK NUMBER
International Standard Book Number 9781435439214
040 ## - CATALOGING SOURCE
Original cataloging agency ACL
Transcribing agency ACL
082 ## - DEWEY DECIMAL CLASSIFICATION NUMBER
Classification number 658.812 BEC
100 ## - MAIN ENTRY--PERSONAL NAME
Personal name Becker, Joanne
245 ## - TITLE STATEMENT
Title A guide to coding compliance
Statement of responsibility, etc. Joanne Becker
250 ## - EDITION STATEMENT
Edition statement 1st ed
260 ## - PUBLICATION, DISTRIBUTION, ETC.
Place of publication, distribution, etc. Clifton Park, N.Y
Name of publisher, distributor, etc. Delmar Cengage Learning
Date of publication, distribution, etc. 2009
300 ## - PHYSICAL DESCRIPTION
Extent xiv, 184 p. ; 28 cm
500 ## - GENERAL NOTE
General note Includes Index
650 ## - SUBJECT ADDED ENTRY--TOPICAL TERM
Topical term or geographic name entry element Marketing
990 ## - EQUIVALENCES OR CROSS-REFERENCES [LOCAL, CANADA]
Link information for 9XX fields 555ef7c8ac10000c0830a177da5e0e21
991 ## -
-- 90465

No items available.

Find us on the map